000 00299cam a22001097a 4500
008 180718b1965 xxu||||| |||| 00| 0 eng d
082 _aN4x42 Un3c
245 _aReport of inquiry
_cby A. E. James
260 _aLondon
_bHer Majesty's Stationery Office
_c1965
300 _a171p.
700 _aJames, A. E.
999 _c410988
_d410988